000
00478nam a2200181Ia 4500
008
090123s9999 xx 000 0 und d
082
_b
15899
100
_a
रितुराज
245
_a
बडा आदमी
250
_a
0
260
_b
राज पॉकेट बुक्स
300
_a
240
600
_a
रितुराज
630
_a
बडा आदमी
700
_a
रितुराज
730
_a
बडा आदमी
942
_c
BOOK
999
_c
53960
_d
53960